000 00794nam a2200277Ia 4500
003 OSt
005 20221006161015.0
006 a|||||r|||| 00| 0
007 ta
008 221006b |||||||| |||| 00| 0 eng d
020 _a9781628971019
_c
_16.95 US
024 _a47,098
037 _cTextual
040 _aEASL
_cEASL
_beng
041 _2eng
_aeng
082 _aO495,3N45,3, 111Q1
100 _aIN-HO Ch'oe
_9675687
245 0 _aAnother man's city
260 _aChampaign
_bDalkey archive press
_c2011
300 _a190p.
_ccm.
490 _v KEL
700 _a FULTON Bruce Tr.
_9653217
700 _a FULTON Ju-Chan Tr.
_9665800
942 _hO495,3N45,3, 111Q1
_cTEXL
_2CC
999 _c1115187
_d1115187